| 000 -LEADER |
| fixed length control field |
00648nam a22001937a 4500 |
| 005 - DATE AND TIME OF LATEST TRANSACTION |
| control field |
20260318112158.0 |
| 008 - FIXED-LENGTH DATA ELEMENTS--GENERAL INFORMATION |
| fixed length control field |
260318b ||||| |||| 00| 0 eng d |
| 020 ## - INTERNATIONAL STANDARD BOOK NUMBER |
| International Standard Book Number |
9781408351550 |
| 040 ## - CATALOGING SOURCE |
| Transcribing agency |
KH8 |
| 082 ## - DEWEY DECIMAL CLASSIFICATION NUMBER |
| Classification number |
823.92 |
| 100 ## - MAIN ENTRY--PERSONAL NAME |
| Personal name |
Child,Lauren |
| Relator term |
Author |
| 245 ## - TITLE STATEMENT |
| Title |
I am TOO ABSOLUTELY small for SCHOOL |
| 260 ## - PUBLICATION, DISTRIBUTION, ETC. |
| Place of publication, distribution, etc. |
Carmelite House, 50 Victoria Embankment |
| Name of publisher, distributor, etc. |
ORCHARD BOOKS |
| Date of publication, distribution, etc. |
2017 |
| 300 ## - PHYSICAL DESCRIPTION |
| Extent |
30 pages |
| Other physical details |
Colour illustration |
| Dimensions |
17cm x 18.5cm |
| 520 ## - SUMMARY, ETC. |
| Summary, etc. |
Lola is not so sure. Lola says, "I am absolutely not BIG. I am still really quite small.'' |
| 650 ## - SUBJECT ADDED ENTRY--TOPICAL TERM |
| Topical term or geographic name entry element |
Juvenile Literature |
| Form subdivision |
Confidence |
| 655 ## - INDEX TERM--GENRE/FORM |
| Genre/form data or focus term |
General Stories |
| 942 ## - ADDED ENTRY ELEMENTS (KOHA) |
| Source of classification or shelving scheme |
|
| Koha item type |
Books - Fiction |